Подробности
| 000 -МАРКЕР |
| контрольное поле |
02644nam2a2200373 4500 |
| 001 - ИДЕНТИФИКАТОР ЗАПИСИ |
| контрольное поле |
RU\NLR\BIBL_A\011944580 |
| 005 - ИДЕНТИФИКАТОР ВЕРСИИ |
| контрольное поле |
20190306170615.0 |
| 021 ## - НОМЕР ГОСУДАРСТВЕННОЙ РЕГИСТРАЦИИ |
| Код страны |
Российская Федерация |
| Номер |
КН-П-19-004017 |
| Номер Листа государственной регистраци |
КН-П-19-0295 |
| 035 ## - ДРУГИЕ СИСТЕМНЫЕ НОМЕРА |
| Идентификатор записи |
(NLR Aleph) 011944580 |
| 035 ## - ДРУГИЕ СИСТЕМНЫЕ НОМЕРА |
| Идентификатор записи |
(RuMoRGB)009872983 |
| 100 ## - ДАННЫЕ ОБЩЕЙ ОБРАБОТКИ |
| Данные общей обработки |
20190222d2018 k y0rusy50 ca |
| 101 0# - ЯЗЫК РЕСУРСА |
| Язык текста, звукозаписи и т.д. |
русский |
| Язык резюме |
английский |
| 102 ## - СТРАНА ПУБЛИКАЦИИ ИЛИ ПРОИЗВОДСТВА |
| Страна публикации |
Российская Федерация |
| 105 ## - ПОЛЕ КОДИРОВАННЫХ ДАННЫХ: ТЕКСТОВЫЕ МАТЕРИАЛЫ, МОНОГРАФИЧЕСКИЕ |
| Кодированные данные о монографическом текстовом документе |
a|||z|||100zy |
| 200 1# - ЗАГЛАВИЕ И СВЕДЕНИЯ ОБ ОТВЕТСТВЕННОСТИ |
| Основное заглавие |
Секция 9/1: Радиоастрономия и дистанционное зондирование |
| -- |
Секция 9/2: Распространение радиоволн, обработка информации |
| -- |
Секция 9/3: Обработка сигналов в системах дистанционного зондирования |
| 210 ## - ПУБЛИКАЦИЯ, РАСПРОСТРАНЕНИЕ И ДР. |
| Дата издания, распространения и т.д. |
2018 |
| 215 ## - ФИЗИЧЕСКАЯ ХАРАКТЕРИСТИКА |
| Специфическое обозначение материала и объем |
VI, С. 1563-1814 |
| Другие сведения о физической характеристике |
ил., табл. |
| 300 ## - ОБЩИЕ ПРИМЕЧАНИЯ |
| Текст примечания |
Рез. англ. |
| 320 ## - ПРИМЕЧАНИЯ О НАЛИЧИИ В ДОКУМЕНТЕ БИБЛИОГРАФИИ / УКАЗАТЕЛЯ |
| Текст примечания |
Библиогр. в конце ст. |
| 461 #0 - УРОВЕНЬ НАБОРА |
| Встроенное поле |
001RU\NLR\BIBL_A\011944649 |
| -- |
2001#$aСВЧ-техника и телекоммуникационные технологии$e28-я Международная Крымская конференция, 9-15 сентября 2018 г. Севастополь$e[КрыМиКо 2018]$eматериалы конференции$fРНТОРЭС им. А.С. Попова [и др.]$vТ. 7 |
| Системный номер (АБИС) связанной записи |
11110949 |
| Место публикации |
Москва [и др. |
| Дата публикации |
2018 |
| Первые сведения об ответственности |
РНТОРЭС им. А.С. Попова [и др.] |
| Имя издателя, распространителя и т.д. |
б. и.] |
| Сведения, относящиеся к заглавию |
28-я Международная Крымская конференция, 9-15 сентября 2018 г. Севастополь : [КрыМиКо 2018] : материалы конференции |
| Заглавие |
СВЧ-техника и телекоммуникационные технологии |
| Номер тома |
Т. 7 |
| 517 1# - ДРУГИЕ ВАРИАНТЫ ЗАГЛАВИЯ |
| Вариант заглавия |
Радиоастрономия и дистанционное зондирование |
| 517 1# - ДРУГИЕ ВАРИАНТЫ ЗАГЛАВИЯ |
| Вариант заглавия |
Распространение радиоволн, обработка информации |
| 517 1# - ДРУГИЕ ВАРИАНТЫ ЗАГЛАВИЯ |
| Вариант заглавия |
Обработка сигналов в системах дистанционного зондирования |
| 606 1# - НАИМЕНОВАНИЕ ТЕМЫ КАК ПРЕДМЕТ |
| Наименование темы |
Радиоастрономия |
| Формальный подзаголовок |
Съезды, совещания и т.п |
| Системный номер авторитетной/нормативной записи |
974832 |
| Идентификатор авторитетной/нормативной записи |
RU\NLR\AUTH\6647343 |
| 606 1# - НАИМЕНОВАНИЕ ТЕМЫ КАК ПРЕДМЕТ |
| Наименование темы |
Радиоволны |
| Формальный подзаголовок |
Съезды, совещания и т.п |
| Тематический подзаголовок |
Распространение |
| Системный номер авторитетной/нормативной записи |
955546 |
| Идентификатор авторитетной/нормативной записи |
RU\NLR\AUTH\66356048 |
| 606 1# - НАИМЕНОВАНИЕ ТЕМЫ КАК ПРЕДМЕТ |
| Наименование темы |
Дистанционное зондирование |
| Формальный подзаголовок |
Съезды, совещания и т.п |
| Системный номер авторитетной/нормативной записи |
2075375 |
| Идентификатор авторитетной/нормативной записи |
RU\NLR\AUTH\661250438 |
| 686 1# - ИНДЕКСЫ ДРУГИХ КЛАССИФИКАЦИЙ |
| Индекс |
В64я431(0) |
| 686 1# - ИНДЕКСЫ ДРУГИХ КЛАССИФИКАЦИЙ |
| Индекс |
З841-019я431(0) |
| 686 1# - ИНДЕКСЫ ДРУГИХ КЛАССИФИКАЦИЙ |
| Индекс |
Д131я431(0) |
| 942 ## - ДОПОЛНИТЕЛЬНЫЕ ЭЛЕМЕНТЫ ЗАПИСИ (АБИС) |
| Тип экземпляра АБИС |
Книга |
| 980 ## - КОЛЛЕКЦИЯ |
| Название коллекции |
Национальная библиография |